01172nam a2200265 a 450000100100000000500170001000800410002704000250006808200160009310000270010924001180013624501190025426000890037330000210046249000330048350000280051650400340054459000760057870000360065470000360069083000400072604900090076695201140077599900170088900003481120200930073922.0111020s1978 ag 000 0 spa d aDO-SdBNPbspacBNPHU axxxxbR724t1 aRogers, Carl R.96032710aA theory of therapy, personality, and interpersonal relationships, as developed in the client-centeredlEspañol10aTerapia, personalidad y relaciones interpersonales /cCarl R. Rogers ; traductor Ofelia Castillo, Antonio Carmona. aBuenos aires :bNueva Visión,c1978.eSanto DomingofArtes Gráfica Santo Domingo a117 p. ;c21 cm.1 aPsicología comtemporánea aTraducido del inglés. aBibliografía : p. 113 - 117 aPerteneció a la biblioteca personal de Juan Isidro Jimenes Grullón.12aCastillo, Ofelia,etrad.96032812aCarmona, Antonio,etrad.960329 0aPsicología comtemporánea960330 aBNGR 001050718MOaGRbGRcCTd2011-10-20iLF1l0oxxxx R724tp34811-10r2020-06-25w2020-06-25y1ZNo se presta c34302d34302